| 000 | 01113nam2a2200241 4500 | ||
|---|---|---|---|
| 001 | rc\2974886 | ||
| 005 | 20260315061839.0 | ||
| 035 | _a(NLR Aleph) 007120632 | ||
| 090 |
_a13608457 _c13608457 |
||
| 100 | _a20110908d1939 u y0rusy50 ca | ||
| 101 | 0 | _arus | |
| 102 | _aRU | ||
| 105 | _aab z ||||| | ||
| 200 | 0 | _aВып. 2 | |
| 210 | _d1939 | ||
| 215 |
_a120 с., 9 л. карт., ил. _cтабл., карт., схем., ил. |
||
| 320 | _aБиблиогр. в конце отд. статей | ||
| 461 | 0 |
_1001rc\2974885 _12000#$aТруды по гидрологии$eВып. 2$fПод. ред. проф. С.А. Советова$gГеогр.-экон. науч.-исслед. ин-т ЛГУ$vВып. 2 _96859158 _aНаучно-исследовательский географо-экономический институт (Ленинград) _cЛенинград _d1939 _fПод. ред. проф. С.А. Советова _nБ. и. _oВып. 2 _tТруды по гидрологии _vВып. 2 |
|
| 801 | 0 |
_aRU _bNLR _gpsbo |
|
| 801 | 1 |
_aRU _bELAR _2rusmarc |
|
| 852 |
_aNLR _j39-19/185 |
||
| 942 | _cUNSPEC | ||
| 980 | _aNB | ||